000 00231 a2200097 4500
020 _a9780439410373
041 _aspa
100 _aDav Pilkey
245 _aEl capitan calsoncillos y el perverso plan del Profesor Pipicaca
942 _cK
999 _c26373
_d26373